000 00825nam a2200229Ia 4500
003 OSt
005 20200718151110.0
008 191128t1978 ck er 000 f spa d
020 _a8427004788
040 _aCO-JMCR
_cCO-JMCR
041 _aspa
082 0 4 _aN /
_bLARg
100 1 _aLarson, Glen A.
_eautor
_97549
245 1 0 _aGaláctica /
_cGlen A. Larson, Robert Thurston
260 _aMadrid :
_bEdiciones Martínez Roca,
_c©1978
300 _a248 páginas ;
_c20 cm.
490 _aSuper ficción
520 _aUn enorme astronave explora el universo en busca del legendario planeta perdido llamado "Tierra"… la lucha entre los colonizadores intergaláctivos y un extraño ejército de seres desconocidos.
650 1 4 _aNovela estadounidense
_97550
700 _aThurston, Robert,
_eautor
_97551
942 _2ddc
_cBK
999 _c3238
_d3238